La Unión Europea ante los grandes retos del siglo XXI (Record no. 178810)

MARC details
000 -LEADER
campo de control de longitud fija 01564nam a2200325 i 4500
001 - NÚMERO DE CONTROL
campo de control 178810
003 - IDENTIFICADOR DE NÚMERO DE CONTROL
campo de control ES-MaACL
005 - FECHA Y HORA DE LA ÚLTIMA TRANSACCIÓN
campo de control 20240613124150.0
008 - DATOS DE LONGITUD FIJA--INFORMACIÓN GENERAL
campo de control de longitud fija 110707s2010 sp d |||| | spa d
020 ## - NÚMERO INTERNACIONAL ESTÁNDAR DEL LIBRO
Número Internacional Estándar del Libro 978-84-9768-790-4
080 ## - NÚMERO DE LA CLASIFICACIÓN DECIMAL UNIVERSAL
Número de la Clasificación Decimal Universal 32(4-672 UE)
245 03 - MENCIÓN DEL TÍTULO
Título La Unión Europea ante los grandes retos del siglo XXI
Resto del título : aportaciones al Grupo de Reflexión del Consejo Europeo, presidido por Felipe González /
Mención de responsabilidad, etc. Carlos Westendorp, Nicolás Sartorius, Alfonso Egea de Haro (editores) ; Félix Arteaga, David Chico Zamanillo, Antonio M. Díaz Fernández ... [et al.] ; prólogos de Felipe González y Diego López Garrido.
260 ## - PUBLICACIÓN, DISTRIBUCIÓN, ETC.
Lugar de publicación, distribución, etc. Madrid :
Nombre del editor, distribuidor, etc. Fundación Alternativas :
-- Marcial Pons,
Fecha de publicación, distribución, etc. 2010.
300 ## - DESCRIPCIÓN FÍSICA
Extensión 262 p. :
Otras características físicas gráf. ;
Dimensiones 24 cm.
504 ## - NOTA DE BIBLIOGRAFÍA, ETC.
Nota de bibliografía, etc. Referencias bibliográficas.
505 8# - NOTA DE CONTENIDO CON FORMATO
Nota de contenido con formato Contiene: ;
Título La Europa social ;
-- Economía europea ;
-- Seguridad y acción exterior
610 17 - PUNTO DE ACCESO ADICIONAL DE MATERIA--NOMBRE DE ENTIDAD CORPORATIVA
Nombre de entidad corporativa o nombre de jurisdicción como elemento de entrada Unión Europea-
Subdivisión general Política y gobierno.
9 (RLIN) 7023
700 1# - ENTRADA AGREGADA--NOMBRE PERSONAL
Nombre de persona Westendorp, Carlos.
9 (RLIN) 147299
700 1# - ENTRADA AGREGADA--NOMBRE PERSONAL
Nombre de persona Sartorius, Nicolás.
9 (RLIN) 103894
700 1# - ENTRADA AGREGADA--NOMBRE PERSONAL
Nombre de persona Egea de Haro, Alfonso.
9 (RLIN) 147300
700 1# - ENTRADA AGREGADA--NOMBRE PERSONAL
Nombre de persona Arteaga Martín, Félix.
9 (RLIN) 147301
700 1# - ENTRADA AGREGADA--NOMBRE PERSONAL
Nombre de persona González Márquez, Felipe,
Fechas asociadas al nombre 1942-
9 (RLIN) 58780
700 1# - ENTRADA AGREGADA--NOMBRE PERSONAL
Nombre de persona López Garrido, Diego.
9 (RLIN) 73667
710 2# - ENTRADA AGREGADA--NOMBRE DE ENTIDAD CORPORATIVA
Nombre de entidad corporativa o nombre de jurisdicción como elemento de entrada Fundación Alternativas.
9 (RLIN) 138628
852 ## - LOCALIZACIÓN
Ubicación ES-MaACL
itemnumber 185672
Sublocalización o colección R.146140
Número de control de estantería A-11327
Ubicación en estantería Depósito 1
Signatura antigua Olim: N-4331
Encuadernación Donación: Fundación Alternativas
914 ## - NOMBRE ENTIDAD DE DONANTE
RLIN 138628
Nombre de congreso/reunión o jurisdicción como elemento de entrada Fundación Alternativas
Unidad subordinada Donante
942 ## - ELEMENTOS DE ENTRADA SECUNDARIOS (KOHA)
Fuente del sistema de clasificación o colocación Clasificación decimal universal
Tipo de ítem Koha Libro impreso
Holdings
Estatus retirado Estado de pérdida Fuente del sistema de clasificación o colocación Estado de daño No para préstamo Biblioteca de origen Biblioteca actual Ubicación en estantería Fecha de adquisición Fuente de adquisición Total de préstamos Signatura topográfica completa Código de barras Visto por última vez Precio de reemplazo Tipo de ítem Koha
    Clasificación decimal universal     Biblioteca del Ateneo de Madrid Biblioteca del Ateneo de Madrid Depósito 1 07/07/2011 Donación   A-11327 1187827 23/02/2023 23/02/2023 Libro impreso